[Event "1st Autumn"]
[Site "Alushta UKR"]
[Date "2004.09.02"]
[Round "9"]
[White "Paragua,M"]
[Black "Kalygin,S"]
[Result "1-0"]
[WhiteElo "2529"]
[BlackElo "2440"]
[EventDate "2004.08.28"]

1. e4 c5 2. Nf3 Nf6 3. e5 Nd5 4. c3 Nc6 5. d4 cxd4 6. Bc4 Nb6 7. Bb3 g6 8.
cxd4 Bg7 9. Nc3 O-O 10. O-O d6 11. exd6 Qxd6 12. Nb5 Qd8 13. h3 a6 14. Nc3
Nxd4 15. Nxd4 Qxd4 16. Qe2 e6 17. Be3 Qb4 18. Rfd1 Nd7 19. Rac1 Ne5 20. Na4
Qh4 21. Nb6 Rb8 22. Bc5 Nc6 23. Bxf8 Bxf8 24. Ba4 Qb4 25. Bxc6 Qxb6 26. Bf3
1-0

[Event "1st Autumn"]
[Site "Alushta UKR"]
[Date "2004.09.02"]
[Round "9"]
[White "Ovetchkin,R"]
[Black "Annageldyev,O"]
[Result "1-0"]
[WhiteElo "2475"]
[BlackElo "2458"]
[EventDate "2004.08.28"]

1. e4 c5 2. Nf3 Nc6 3. Bb5 e6 4. O-O Nge7 5. Re1 a6 6. Bxc6 Nxc6 7. d4 cxd4
8. Nxd4 Be7 9. Nxc6 dxc6 10. Qg4 Qd4 11. c3 Qf6 12. e5 Qg6 13. Qe2 c5 14.
Nd2 Bd7 15. Qe4 Bc6 16. Qxg6 hxg6 17. Ne4 Rh5 18. f4 O-O-O 19. Nf2 Rdh8 20.
h3 g5 21. g4 R5h6 22. fxg5 Rg6 23. Kh2 Bxg5 24. Bxg5 Rxg5 25. Kg3 Rg6 26.
Nd3 Rgh6 27. Nf4 Kd7 28. Rad1+ Ke7 29. Re2 g5 30. Nh5 Bd5 31. b3 c4 32. b4
Bc6 33. Rd4 a5 34. a3 axb4 35. axb4 Ra8 36. Rxc4 Ra1 37. Rc5 Rh8 38. b5 Ra5
39. c4 Rd8 40. Re3 Rd1 41. Rb3 Be4 42. Nf6 Rg1+ 43. Kf2 Rg2+ 44. Ke3 Rg3+
45. Kxe4 Rxb3 46. Rc7+ 1-0

[Event "1st Autumn"]
[Site "Alushta UKR"]
[Date "2004.09.02"]
[Round "9"]
[White "Kuzubov,Y"]
[Black "Obukhov,A"]
[Result "0-1"]
[WhiteElo "2467"]
[BlackElo "2475"]
[EventDate "2004.08.28"]

1. d4 Nf6 2. c4 e6 3. Nc3 Bb4 4. e3 b6 5. Bd3 Bb7 6. Nf3 Ne4 7. O-O Bxc3 8.
bxc3 O-O 9. Nd2 Nxd2 10. Qxd2 f5 11. f3 d6 12. a4 Nc6 13. c5 dxc5 14. Qa2
Kh8 15. Qxe6 cxd4 16. cxd4 Nxd4 17. Qc4 Nc6 18. Bb2 Qe7 19. Qc3 Nb4 20. Bc4
Bd5 21. e4 Bxc4 22. Qxc4 fxe4 23. fxe4 c5 24. a5 Rxf1+ 25. Rxf1 Rf8 26.
Rxf8+ Qxf8 27. axb6 axb6 28. h3 h6 29. e5 Qf5 30. Bc3 Nd3 31. e6 Qf2+ 32.
Kh2 Nf4 33. Qe4 Ne2 34. Qa8+ Kh7 0-1

[Event "1st Autumn"]
[Site "Alushta UKR"]
[Date "2004.09.02"]
[Round "9"]
[White "Alexikov,A"]
[Black "Vokarev,S"]
[Result "1-0"]
[WhiteElo "2386"]
[BlackElo "2529"]
[EventDate "2004.08.28"]

1. e4 c5 2. Nf3 g6 3. d4 cxd4 4. Nxd4 Nc6 5. Nc3 Bg7 6. Be3 Nf6 7. Nxc6
bxc6 8. e5 Ng8 9. Bd4 Qa5 10. f4 f6 11. Qd2 fxe5 12. fxe5 Bxe5 13. O-O-O
Bxd4 14. Qxd4 Nf6 15. Re1 O-O 16. Rxe7 Rb8 17. Bd3 Qb6 18. Qe5 Ba6 19. Bxg6
hxg6 20. Qg3 Ng4 21. b3 Qc5 22. Re4 Rbe8 23. Rxg4 Qe3+ 24. Qxe3 Rxe3 25.
Rxg6+ Kf7 26. Rg5 Rfe8 27. Nd1 Re2 28. Rf1+ Ke7 29. Rf2 Re1 30. Ra5 Bc8 31.
Rxa7 Kd8 32. Ra4 Rh1 33. h3 Ree1 34. Rd4 d5 35. c4 Be6 36. cxd5 Bxd5 37.
Kc2 Kc7 38. Nc3 1-0

[Event "1st Autumn"]
[Site "Alushta UKR"]
[Date "2004.09.02"]
[Round "9"]
[White "Paramonov,D"]
[Black "Neelotpal,D"]
[Result "1/2-1/2"]
[WhiteElo "2362"]
[BlackElo "2448"]
[EventDate "2004.08.28"]

1. e4 e6 2. d4 d5 3. Nc3 Bb4 4. e5 Ne7 5. a3 Bxc3+ 6. bxc3 c5 7. Qg4 Qc7 8.
Qxg7 Rg8 9. Qxh7 cxd4 10. Ne2 Nbc6 11. f4 Bd7 12. Qd3 dxc3 13. Qxc3 O-O-O
14. Rb1 Nf5 15. Rg1 d4 16. Qd3 f6 17. exf6 e5 18. g4 Nh4 19. f7 Rxg4 20.
Rxg4 Bxg4 21. Bh3 Qd7 22. Bxg4 Qxg4 23. Rb3 Qd7 24. Qh3 Nf5 25. Ng3 Nd6 26.
Qxd7+ Kxd7 27. fxe5 Nxe5 28. Bf4 Ke6 29. Bxe5 Kxe5 30. Rf3 Rf8 31. Ke2 Rxf7
32. Rxf7 Nxf7 33. Kd3 Kd5 34. c4+ dxc3 35. Kxc3 a5 36. a4 1/2-1/2

[Event "1st Autumn"]
[Site "Alushta UKR"]
[Date "2004.09.03"]
[Round "10"]
[White "Kobylkin,E"]
[Black "Vokarev,S"]
[Result "0-1"]
[WhiteElo "2444"]
[BlackElo "2529"]
[EventDate "2004.08.28"]

1. c4 Nf6 2. Nc3 d5 3. cxd5 Nxd5 4. e4 Nxc3 5. dxc3 Qxd1+ 6. Kxd1 e5 7. Be3
Nd7 8. Bc4 Bc5 9. Ke2 a5 10. Nf3 f6 11. a4 Bxe3 12. Kxe3 Nb6 13. Bb3 Ke7
14. Rhd1 Bg4 15. Rd3 Rhd8 16. Ne1 Nd7 17. f3 Bh5 18. Bc4 Be8 19. Bb3 Ra6
20. Bc2 Rb6 21. Rb1 Nc5 22. Rxd8 Kxd8 23. b3 Rc6 24. Nd3 Nd7 25. Kd2 Bf7
26. Bd1 Ke7 27. Be2 Nb6 28. Bd1 Nc8 29. Be2 Nd6 30. Bd1 Ra6 31. Be2 Ra8 32.
Kc2 h5 33. Nf2 h4 34. Nd1 Be6 35. Ne3 Rd8 36. Bd3 Ra8 37. Be2 c6 38. Bc4
Bd7 39. Be2 g6 40. Rd1 Be6 41. Bc4 Nxc4 42. bxc4 Rd8 43. Rb1 Rd7 44. c5 f5
45. h3 Kf6 46. Re1 Kg5 47. exf5 gxf5 48. Nd1 Kf4 49. Nf2 Bc4 50. Nd1 Rd5
51. Nb2 Rxc5 52. Rd1 Ba6 53. Rd7 e4 54. fxe4 fxe4 55. Rh7 Kg3 56. Rg7+ Kf2
57. Nd1+ Ke2 58. g3 Rd5 59. Nb2 hxg3 60. c4 Rc5 61. Kc3 Rf5 62. Rxg3 Rf3+
63. Rxf3 exf3 64. Nd3 b6 65. h4 Bc8 66. c5 bxc5 67. Nxc5 Bf5 68. Nb3 f2 69.
Nd4+ Ke3 0-1

[Event "1st Autumn"]
[Site "Alushta UKR"]
[Date "2004.09.03"]
[Round "10"]
[White "Obukhov,A"]
[Black "Alexikov,A"]
[Result "1/2-1/2"]
[WhiteElo "2475"]
[BlackElo "2386"]
[EventDate "2004.08.28"]

1. d4 Nf6 2. c4 g6 3. Nc3 Bg7 4. e4 d6 5. h3 O-O 6. Bg5 c5 7. d5 e6 8. Bd3
exd5 9. exd5 Re8+ 10. Nge2 Nbd7 11. f4 a6 12. O-O h6 13. Bh4 Qc7 14. a4 b6
15. Qc2 Nf8 16. Kh1 Bd7 17. Rab1 Re3 18. Bxf6 Bxf6 19. Ne4 Bd4 20. Nxd4
cxd4 21. Rbe1 f5 22. Rxe3 dxe3 23. Ng3 b5 24. axb5 axb5 25. Qe2 bxc4 26.
Bxc4 Qc5 27. b3 Rb8 28. Rf3 Bb5 29. Nf1 Bxc4 30. bxc4 Re8 31. Nxe3 Qd4 32.
g4 fxg4 33. hxg4 Nd7 34. Qc2 Rxe3 35. Qxg6+ Kf8 36. Rxe3 Qxe3 37. Qxd6+ Ke8
38. Qg6+ Kd8 39. Qxh6 Nc5 40. Qd6+ Kc8 41. Qc6+ Kb8 42. Qb6+ Ka8 43. Qc6+
1/2-1/2

[Event "1st Autumn"]
[Site "Alushta UKR"]
[Date "2004.09.03"]
[Round "10"]
[White "Annageldyev,O"]
[Black "Kuzubov,Y"]
[Result "0-1"]
[WhiteElo "2458"]
[BlackElo "2467"]
[EventDate "2004.08.28"]

1. d4 Nf6 2. Nf3 e6 3. c4 Bb4+ 4. Bd2 c5 5. Bxb4 cxb4 6. Nbd2 O-O 7. g3 b6
8. Bg2 Bb7 9. O-O d6 10. Qc2 Qc7 11. Rac1 Nbd7 12. Qb1 a5 13. Ne1 e5 14. d5
Nc5 15. e4 Rae8 16. Nd3 Nfd7 17. Qc2 Bc8 18. a3 Nxd3 19. Qxd3 Nc5 20. Qe3
f5 21. exf5 Bxf5 22. Ne4 Bxe4 23. Bxe4 b3 24. Rc3 a4 25. f3 Rc8 26. Bb1 Rf7
27. Kg2 Qd8 28. Rcc1 Qf8 29. h4 Qd8 30. Qe2 Qc7 31. Qe3 Qa7 32. Qd2 Re7 33.
Rfe1 Qb7 34. Rc3 Rf7 35. Rf1 Rcf8 36. Rcc1 Qa8 37. Qb4 Qd8 38. Qd2 Qf6 39.
Qe2 g5 40. hxg5 Qxg5 41. Rc3 Rg7 42. Qe1 Rf4 43. Rh1 Rd4 44. Rh2 h5 45. Kh3
0-1

[Event "1st Autumn"]
[Site "Alushta UKR"]
[Date "2004.09.03"]
[Round "10"]
[White "Neelotpal,D"]
[Black "Ovetchkin,R"]
[Result "1/2-1/2"]
[WhiteElo "2448"]
[BlackElo "2475"]
[EventDate "2004.08.28"]

1. e4 c6 2. d4 d5 3. Nd2 dxe4 4. Nxe4 Bf5 5. Ng3 Bg6 6. h4 h6 7. Nf3 Nd7 8.
h5 Bh7 9. Bd3 Bxd3 10. Qxd3 e6 11. Bf4 Qa5+ 12. Bd2 Bb4 13. c3 Be7 14. c4
Qc7 15. O-O-O b5 16. c5 Ngf6 17. Rde1 O-O 18. Qc2 Nd5 19. Ne4 b4 20. g4 f5
21. gxf5 Rxf5 22. Nh4 Rxh5 23. Ng6 Rxh1 24. Rxh1 Nf8 25. Ne5 Nd7 26. Ng6
Nf8 27. Ne5 Nd7 1/2-1/2

[Event "1st Autumn"]
[Site "Alushta UKR"]
[Date "2004.09.03"]
[Round "10"]
[White "Tishin,D"]
[Black "Paragua,M"]
[Result "0-1"]
[WhiteElo "2372"]
[BlackElo "2529"]
[EventDate "2004.08.28"]

1. d4 Nf6 2. c4 g6 3. Nc3 Bg7 4. e4 d6 5. Nf3 O-O 6. Be2 e5 7. O-O Nbd7 8.
Re1 c6 9. Bf1 a5 10. dxe5 dxe5 11. Na4 Qe7 12. Qc2 b6 13. c5 b5 14. Nb6
Nxb6 15. cxb6 Bb7 16. a4 Rfc8 17. Qb3 b4 18. Ng5 Rf8 19. Be3 h6 20. Nf3 c5
21. Rac1 Nxe4 22. Bd3 Rac8 23. Bxh6 Bxh6 24. Bxe4 Bxe4 25. Rxe4 Bxc1 0-1

[Event "1st Autumn"]
[Site "Alushta UKR"]
[Date "2004.09.01"]
[Round "7"]
[White "Ovetchkin,R"]
[Black "Vokarev,S"]
[Result "1-0"]
[WhiteElo "2475"]
[BlackElo "2529"]
[EventDate "2004.08.28"]

1. e4 c5 2. Nf3 Nc6 3. Bb5 g6 4. Bxc6 dxc6 5. d3 Bg7 6. h3 b6 7. Nc3 e5 8.
O-O Ne7 9. Nh2 Be6 10. Qe2 Qd7 11. Be3 f5 12. exf5 gxf5 13. f4 O-O-O 14.
fxe5 Bxe5 15. Nf3 Bd6 16. Ng5 Bd5 17. d4 cxd4 18. Bxd4 Rhg8 19. Nf3 Rg6 20.
Nxd5 Nxd5 21. Ne5 Bxe5 22. Qa6+ Qb7 23. Qxb7+ Kxb7 24. Bxe5 Ne3 25. Rf2 Rd5
26. Bf4 Nc4 27. b3 Nd6 28. c4 Ra5 29. Rd2 1-0

[Event "1st Autumn"]
[Site "Alushta UKR"]
[Date "2004.09.04"]
[Round "11"]
[White "Khurtsidze,N"]
[Black "Kobylkin,E"]
[Result "1/2-1/2"]
[WhiteElo "2391"]
[BlackElo "2444"]
[EventDate "2004.08.28"]

1. d4 Nf6 2. Nf3 g6 3. Bg5 Bg7 4. Nbd2 O-O 5. e4 d6 6. c3 Nbd7 7. Be2 e5 8.
O-O Qe8 9. Qc2 h6 10. Bh4 Nh5 11. Rfe1 Nf4 12. Bf1 Nf6 13. dxe5 dxe5 14.
Nc4 Nh7 15. b4 Bg4 16. Nfd2 Be6 17. f3 Qc8 18. a4 Ng5 19. Ne3 Rd8 20. a5 c6
21. Nb3 b6 22. axb6 axb6 23. Nc4 Rxa1 24. Rxa1 b5 25. Ncd2 Bf6 26. Bf2
1/2-1/2

[Event "1st Autumn"]
[Site "Alushta UKR"]
[Date "2004.09.04"]
[Round "11"]
[White "Paramonov,D"]
[Black "Tishin,D"]
[Result "1/2-1/2"]
[WhiteElo "2362"]
[BlackElo "2372"]
[EventDate "2004.08.28"]

1. e4 c6 2. d4 d5 3. Nc3 dxe4 4. Nxe4 Nd7 5. Ng5 Ngf6 6. Bd3 e6 7. N1f3 Bd6
8. Qe2 h6 9. Ne4 Nxe4 10. Qxe4 Nf6 11. Qe2 b6 12. Bd2 Bb7 13. O-O-O Qc7 14.
Ne5 O-O-O 15. f4 Kb8 16. Rhe1 c5 17. dxc5 Bxc5 18. Kb1 Rhf8 19. g4 Bd6 20.
a3 Nd7 21. Be4 Bxe4 22. Qxe4 Bxe5 23. fxe5 Nc5 24. Qh7 Rd4 25. Bc3 Rxg4 26.
Rg1 Rd8 27. Rxd8+ Qxd8 28. Rxg4 Qd1+ 29. Ka2 Qxg4 30. Qg8+ Kb7 31. Qxf7+
Ka6 1/2-1/2

[Event "1st Autumn"]
[Site "Alushta UKR"]
[Date "2004.09.04"]
[Round "11"]
[White "Ovetchkin,R"]
[Black "Kalygin,S"]
[Result "1/2-1/2"]
[WhiteElo "2475"]
[BlackElo "2440"]
[EventDate "2004.08.28"]

1. e4 c5 2. Nf3 Nf6 3. Nc3 d5 4. exd5 Nxd5 5. Bb5+ Nc6 6. Bxc6+ bxc6 7. Ne4
e5 8. d3 Qc7 9. O-O Be7 10. c4 Nb6 11. Nfd2 f5 12. Nc3 O-O 13. Re1 Bd6 14.
Nf1 Bd7 15. f3 Rae8 16. Be3 Bc8 17. Bf2 Kh8 18. Qd2 Rd8 19. Bg3 Nd7 20. Na4
Rfe8 21. Qe3 Nf8 22. Nd2 Ne6 23. Nb3 Nd4 24. Nbxc5 Qe7 25. Qxd4 exd4 26.
Rxe7 Rxe7 27. Bh4 Rde8 28. Bxe7 Rxe7 29. Nb3 Bf4 30. g3 Be3+ 31. Kg2 h5 32.
Re1 Re6 33. Nac5 Re5 34. h3 h4 35. g4 Kh7 36. Na4 Re6 37. Nbc5 Rf6 38. Re2
Kg6 39. b4 Kg5 40. Nb2 Kf4 41. Nd1 Rg6 42. Nxe3 dxe3 43. d4 fxg4 44. Nd3+
Kg5 45. fxg4 Rd6 46. Rxe3 Rxd4 47. Nc5 Rxc4 48. Re5+ Kg6 49. Re8 Bxg4 50.
hxg4 Rxg4+ 51. Kh3 Rxb4 52. Re5 Rc4 53. Ne4 Ra4 54. Kxh4 Rxa2 55. Kg4 Ra4
56. Kf4 Rc4 57. Rg5+ Kh6 58. Rg1 Rb4 59. Kf5 Rb5+ 60. Ke6 Rb2 61. Ng3 Kg5
62. Ne2+ Kh4 63. Nd4 a5 64. Rxg7 a4 65. Ke5 a3 66. Nf5+ Kh3 67. Rg3+ Kh2
68. Rxa3 c5 69. Ne3 Rb8 70. Kf4 Rf8+ 71. Nf5 c4 72. Ra2+ Kh3 73. Rc2 c3 74.
Rxc3+ Kg2 75. Rc2+ Kf1 76. Ke4 Re8+ 77. Kf3 Ke1 78. Nd6 Kd1 79. Rh2 Rd8 80.
Nc4 Rf8+ 81. Ke3 Re8+ 82. Kd3 Rd8+ 83. Kc3 Ke1 84. Ne5 Kf1 85. Nd3 Ra8 86.
Kd4 Re8 87. Rf2+ Kg1 88. Ra2 Kf1 89. Nf4 Rd8+ 90. Ke3 Re8+ 91. Kf3 Ke1 92.
Nd3+ Kd1 93. Nf2+ Kc1 94. Ne4 Rh8 95. Ke2 Re8 96. Ke3 Kd1 97. Rd2+ Kc1 98.
Rd6 Kc2 99. Rc6+ Kb3 100. Kd3 Kb4 101. Rb6+ Ka5 102. Rb7 Rh8 103. Kc4 Rh4
104. Kc5 Rh5+ 105. Kc6 Rh6+ 106. Nd6 Ka4 107. Rb1 Ka5 108. Kc7 Rh7+ 109.
Kb8 Ka4 110. Nb7 Rh5 111. Kc7 1/2-1/2

[Event "1st Autumn"]
[Site "Alushta UKR"]
[Date "2004.09.04"]
[Round "11"]
[White "Kuzubov,Y"]
[Black "Neelotpal,D"]
[Result "0-1"]
[WhiteElo "2467"]
[BlackElo "2448"]
[EventDate "2004.08.28"]

1. d4 d5 2. c4 c6 3. Nf3 Nf6 4. e3 a6 5. Nc3 Bf5 6. Qb3 Ra7 7. cxd5 cxd5 8.
Bd2 Nc6 9. Ne5 e6 10. Qa4 Qb6 11. Rc1 Be7 12. g4 Nxg4 13. Nxg4 Bxg4 14. Rg1
Bh5 15. Rxg7 Bg6 16. e4 Qxd4 17. exd5 Qxa4 18. Nxa4 exd5 19. Be3 Bb4+ 20.
Ke2 d4 21. Rxc6 bxc6 22. Bxd4 Re7+ 23. Kf3 f6 24. Rxe7+ Kxe7 25. a3 Bd6 26.
Bxa6 Bh5+ 27. Ke3 Bxh2 28. Nb6 Bf7 29. a4 Be5 30. Bc5+ Kd8 31. b4 Kc7 32.
a5 Bd6 33. Bd3 Bxc5+ 34. bxc5 Kb7 35. Nd7 Bg6 36. Bf1 Re8+ 37. Kf3 Rd8 38.
Nb6 Bd3 39. Bh3 f5 40. Kf4 Ka6 41. Bg2 Be4 42. Bxe4 fxe4 43. Kxe4 Kxa5 44.
Nc4+ Kb4 45. Nd6 Rd7 46. Ke5 Kxc5 47. Ne4+ Kb4 48. f4 c5 49. Nf6 Ra7 50. f5
c4 51. Kd4 Kb3 52. Ne4 h5 53. Nd2+ Kb4 0-1

[Event "1st Autumn"]
[Site "Alushta UKR"]
[Date "2004.09.04"]
[Round "11"]
[White "Alexikov,A"]
[Black "Annageldyev,O"]
[Result "1/2-1/2"]
[WhiteElo "2386"]
[BlackElo "2458"]
[EventDate "2004.08.28"]

1. d4 d5 2. c4 c6 3. Nc3 Nf6 4. cxd5 cxd5 5. Nf3 Nc6 6. Bf4 Bf5 7. e3 e6 8.
Bd3 Bxd3 9. Qxd3 Bd6 10. Bxd6 Qxd6 11. O-O O-O 12. Rfc1 Rfc8 13. Nd2 Ne7
14. h3 a6 15. Na4 Rxc1+ 16. Rxc1 Rc8 17. Rxc8+ Nxc8 1/2-1/2

[Event "1st Autumn"]
[Site "Alushta UKR"]
[Date "2004.09.05"]
[Round "12"]
[White "Annageldyev,O"]
[Black "Vokarev,S"]
[Result "1-0"]
[WhiteElo "2458"]
[BlackElo "2529"]
[EventDate "2004.08.28"]

1. e4 c5 2. Nf3 g6 3. d4 cxd4 4. Nxd4 Nc6 5. Nc3 Bg7 6. Be3 Nf6 7. Bc4 d6
8. h3 O-O 9. O-O Bd7 10. Re1 a6 11. Bb3 Rc8 12. f4 b5 13. e5 dxe5 14. Nxc6
Bxc6 15. fxe5 Qxd1 16. Raxd1 Ne4 17. Nd5 Bxd5 18. Bxd5 Nc5 19. Bg5 Rc7 20.
b3 Ne6 21. Bh4 Rxc2 22. Bxe7 Re8 23. Bd6 Rxa2 24. Ra1 Rxa1 25. Rxa1 Nd4 26.
Rxa6 Bxe5 27. Kf2 Bxd6 28. Rxd6 Re2+ 29. Kf1 Re7 30. b4 Kg7 31. Ba8 Nc2 32.
Bf3 Re1+ 33. Kf2 Rb1 34. Be4 Rxb4 35. Bxc2 Rb2 36. Rd2 b4 37. Ke3 b3 38.
Bd3 Rxd2 39. Kxd2 Kf6 40. Bc4 b2 41. Kc2 g5 42. Kxb2 h5 43. Kc3 1-0

[Event "1st Autumn"]
[Site "Alushta UKR"]
[Date "2004.09.05"]
[Round "12"]
[White "Neelotpal,D"]
[Black "Alexikov,A"]
[Result "1-0"]
[WhiteElo "2448"]
[BlackElo "2386"]
[EventDate "2004.08.28"]

1. e4 c5 2. Nf3 d6 3. d4 cxd4 4. Nxd4 Nf6 5. Nc3 a6 6. Bg5 e6 7. f4 Nbd7 8.
Qf3 Qc7 9. O-O-O Be7 10. Bd3 h6 11. Bh4 g5 12. fxg5 Ne5 13. Qe2 Nfd7 14.
Qh5 Nf8 15. gxh6 Qc5 16. Be2 Bxh4 17. Qxh4 Nfg6 18. Qf6 Nd7 19. Qf2 Rxh6
20. Rhf1 Rh7 21. h4 Nxh4 22. e5 dxe5 23. Ne4 Qe7 24. Qg3 Ng6 25. Nxe6 Qxe6
26. Bc4 Qc6 27. Nd6+ Kd8 28. Bxf7 Ngf8 29. Rf3 1-0

[Event "1st Autumn"]
[Site "Alushta UKR"]
[Date "2004.09.05"]
[Round "12"]
[White "Kalygin,S"]
[Black "Kuzubov,Y"]
[Result "0-1"]
[WhiteElo "2440"]
[BlackElo "2467"]
[EventDate "2004.08.28"]

1. e4 e5 2. f4 Bc5 3. Nf3 d6 4. c3 Nf6 5. Bc4 Nc6 6. d3 O-O 7. Qe2 Re8 8.
f5 d5 9. Bb3 Bxf5 10. Bg5 dxe4 11. dxe4 Bxe4 12. Qc4 Qd5 13. Qa4 Qd3 14.
Nbd2 Bxf3 15. Nxf3 Ne4 16. Bh4 b5 17. Qa6 Nd4 18. Bd1 Nxf3+ 0-1

[Event "1st Autumn"]
[Site "Alushta UKR"]
[Date "2004.09.05"]
[Round "12"]
[White "Tishin,D"]
[Black "Ovetchkin,R"]
[Result "0-1"]
[WhiteElo "2372"]
[BlackElo "2475"]
[EventDate "2004.08.28"]

1. d4 Nf6 2. c4 e6 3. Nf3 c5 4. d5 b5 5. Bg5 exd5 6. cxd5 d6 7. e4 a6 8. a4
Be7 9. Nbd2 Nxd5 10. exd5 Bxg5 11. axb5 O-O 12. Be2 Bb7 13. O-O axb5 14.
Rxa8 Bxa8 15. Bxb5 Bxd5 16. Nc4 Bxc4 17. Bxc4 Bf6 18. Qd5 Qc7 19. Rd1 Be7
20. b4 cxb4 21. Nd4 Nd7 22. Qc6 Qa7 23. Bb3 Nf6 24. Nf5 d5 25. Ne3 Bc5 26.
Nxd5 Ne4 27. Ne3 Nxf2 28. Kxf2 Bxe3+ 29. Kf3 Bg1 30. Qd5 Qf2+ 31. Kg4 Bxh2
0-1

[Event "1st Autumn"]
[Site "Alushta UKR"]
[Date "2004.09.05"]
[Round "12"]
[White "Hasangatin,R"]
[Black "Paramonov,D"]
[Result "1-0"]
[WhiteElo "2485"]
[BlackElo "2362"]
[EventDate "2004.08.28"]

1. e4 c5 2. Nf3 d6 3. d4 cxd4 4. Qxd4 Nc6 5. Bb5 Bd7 6. Bxc6 Bxc6 7. Nc3
Nf6 8. Bg5 Qb6 9. Bxf6 gxf6 10. Qxb6 axb6 11. Nd4 e6 12. O-O Rg8 13. Rfe1
Ra5 14. g3 h5 15. b4 Rag5 16. Nf3 Rg4 17. h3 R4g6 18. b5 Bd7 19. Reb1 Bh6
20. Na4 Kd8 21. Rb3 Kc7 22. Rc3+ Kb8 23. Rb1 Rc8 24. Rxc8+ Kxc8 25. Nxb6+
Kc7 26. Nxd7 Kxd7 27. Rb3 Rg8 28. Rc3 Bc1 29. a4 Bb2 30. Rc4 Ba3 31. a5 Bc5
32. Kf1 Ra8 33. Ra4 Bb6 34. a6 bxa6 35. Rxa6 Rxa6 36. bxa6 Kc6 37. Ke2 Kb5
38. Ne1 Kxa6 39. Nd3 Kb5 40. Nf4 Kc4 41. Nxh5 Bd4 42. f3 Kc3 43. Kd1 Bf2
44. g4 Bh4 45. Nf4 Kd4 46. Ng2 Bg5 47. h4 Bh6 48. Ke2 Kc3 49. Ne1 Bd2 50.
Nd3 Bh6 51. Ne1 Bd2 52. Nd3 Bh6 53. f4 Kxc2 54. g5 Bf8 55. Nb4+ Kc3 56. Nc6
Kc4 57. e5 fxe5 58. fxe5 dxe5 59. h5 Bg7 60. h6 Bh8 61. Kd1 Kd3 62. Nd8 Ke4
63. Nxf7 Kf5 64. Nxh8 Kxg5 65. Nf7+ Kg6 1-0

[Event "1st Autumn"]
[Site "Alushta UKR"]
[Date "2004.09.05"]
[Round "12"]
[White "Khurtsidze,N"]
[Black "Danielian,E"]
[Result "1/2-1/2"]
[WhiteElo "2391"]
[BlackElo "2430"]
[EventDate "2004.08.28"]

1. Nf3 d5 2. e3 Nf6 3. c4 c6 4. b3 Bg4 5. Bb2 e6 6. Be2 Nbd7 7. h3 Bxf3 8.
Bxf3 Bd6 9. O-O O-O 10. cxd5 exd5 11. d3 Qe7 12. Nd2 Be5 13. Qc2 Rfe8 14.
Be2 Bxb2 15. Qxb2 Ne5 16. b4 Ng6 17. Rfe1 a6 18. Nf3 Nd7 19. a3 Ndf8 20.
Nd4 Qe5 21. Rab1 Nh4 22. Bg4 Qg5 23. g3 Nhg6 24. Nf5 Ne7 25. Nd6 Reb8 26.
f4 Qg6 27. Qe5 h5 28. Qxe7 hxg4 29. f5 Qf6 30. Qxf6 gxf6 31. e4 gxh3 32.
exd5 Nh7 33. dxc6 bxc6 34. Ne4 Rd8 35. Re3 a5 36. Kh2 axb4 37. axb4 Ra3 38.
Rc1 Rdxd3 39. Rxd3 Rxd3 40. Rxc6 Kg7 41. Kxh3 Rd4 42. Nd6 Ng5+ 43. Kg2 Rxb4
44. Ne8+ Kf8 45. Nxf6 Rb2+ 46. Kf1 Nf3 47. Rc3 Nh2+ 48. Kg1 Kg7 49. Ne4 Ng4
50. Rc8 Rb4 51. Kg2 Ne3+ 52. Kf3 Nxf5 53. Rc3 1/2-1/2

[Event "1st Autumn"]
[Site "Alushta UKR"]
[Date "2004.09.05"]
[Round "13"]
[White "Danielian,E"]
[Black "Kobylkin,E"]
[Result "1/2-1/2"]
[WhiteElo "2430"]
[BlackElo "2444"]
[EventDate "2004.08.28"]

1. d4 Nf6 2. Nf3 g6 3. c4 Bg7 4. Nc3 O-O 5. Bg5 c5 6. e3 h6 7. Bxf6 Bxf6 8.
Ne4 Qb6 9. Qb3 Qa5+ 10. Qc3 Qb6 11. Nxf6+ Qxf6 12. Bd3 d6 13. Be4 cxd4 14.
Qxd4 Qg7 15. Rc1 Nc6 16. Qxg7+ Kxg7 17. c5 dxc5 18. Rxc5 Bd7 19. Ke2 Rfc8
20. Rhc1 Nd8 21. Ne5 Be6 22. b3 Rxc5 23. Rxc5 Rc8 24. Rxc8 Bxc8 25. Kd3 f6
26. Nc4 b6 27. f4 g5 28. g3 Ba6 29. b4 Nf7 30. Kc3 e5 31. a4 b5 32. axb5
Bxb5 33. Bd5 Bxc4 34. Kxc4 Nd6+ 35. Kc5 Nf5 36. e4 Nd4 37. fxe5 fxe5 38.
Kd6 Kf6 39. Kc7 Ke7 40. Kb7 Nc2 41. b5 Nd4 42. Bc4 Kd6 43. Bf1 Kc5 44. Ka6
Kb4 45. h3 Kc5 1/2-1/2

[Event "1st Autumn"]
[Site "Alushta UKR"]
[Date "2004.09.05"]
[Round "13"]
[White "Paragua,M"]
[Black "Khurtsidze,N"]
[Result "1-0"]
[WhiteElo "2529"]
[BlackElo "2391"]
[EventDate "2004.08.28"]

1. e4 c5 2. Nf3 e6 3. d3 Nc6 4. g3 d6 5. Bg2 Nf6 6. O-O Be7 7. c3 O-O 8.
Re1 Bd7 9. Na3 Rc8 10. Nc4 b5 11. Ne3 Qb6 12. Nd2 Rfd8 13. f4 Be8 14. Kh1
d5 15. exd5 exd5 16. g4 d4 17. cxd4 cxd4 18. Nf5 Nb4 19. g5 Bf8 20. gxf6
Qxf6 21. Re5 Qa6 22. Ne4 Nc6 23. Rxe8 Rxe8 24. Bd2 Nb4 25. Bxb4 Bxb4 26.
Qb3 Bf8 27. Rf1 Rcd8 28. Ng5 Rd7 29. Bd5 Re2 30. Nxf7 1-0

[Event "1st Autumn"]
[Site "Alushta UKR"]
[Date "2004.09.05"]
[Round "13"]
[White "Ovetchkin,R"]
[Black "Hasangatin,R"]
[Result "1-0"]
[WhiteElo "2475"]
[BlackElo "2485"]
[EventDate "2004.08.28"]

1. e4 c5 2. Nf3 Nc6 3. Bb5 g6 4. Bxc6 dxc6 5. d3 Bg7 6. h3 e5 7. Be3 Qe7 8.
Qd2 Nf6 9. Nc3 h6 10. O-O Nd7 11. Nh2 Nf8 12. Ne2 Ne6 13. a3 a5 14. c3 a4
15. Rae1 b6 16. f4 exf4 17. Nxf4 Ba6 18. Nxe6 Qxe6 19. Ng4 O-O-O 20. Bxh6
Bxh6 21. Nxh6 Bxd3 22. Rxf7 g5 23. Qxg5 Rxh6 24. Qg7 Rd7 25. Rxd7 Rg6 26.
Rc7+ 1-0

[Event "1st Autumn"]
[Site "Alushta UKR"]
[Date "2004.09.05"]
[Round "13"]
[White "Kuzubov,Y"]
[Black "Tishin,D"]
[Result "1-0"]
[WhiteElo "2467"]
[BlackElo "2372"]
[EventDate "2004.08.28"]

1. d4 f5 2. g3 Nf6 3. Bg2 e6 4. c4 d5 5. Nh3 c6 6. O-O Bd6 7. Qc2 O-O 8.
Nd2 Bd7 9. Nf3 Be8 10. Bf4 h6 11. Qb3 b6 12. Rfc1 Be7 13. cxd5 exd5 14. Ne5
g5 15. Bd2 Ne4 16. Bb4 Bxb4 17. Qxb4 Qd6 18. Qxd6 Nxd6 19. Rc2 Rf6 20. Rac1
Nf7 21. Nd3 Na6 22. Kf1 Rd8 23. Ng1 Rfd6 24. Nf3 Rc8 25. b4 Kg7 26. h4 Bd7
27. hxg5 hxg5 28. b5 Nb8 29. Nfe5 Nxe5 30. dxe5 Rh6 31. bxc6 Rhxc6 32. Rxc6
Rxc6 33. Bxd5 Rxc1+ 34. Nxc1 Nc6 35. Nd3 Nd4 36. f4 gxf4 37. gxf4 Be6 38.
Bxe6 Nxe6 39. Kf2 b5 40. Kf3 a5 41. e4 Kg6 42. Ke3 b4 43. Nb2 Nc5 44. Nc4
Nxe4 45. Nxa5 Nc3 46. Nc6 Nxa2 47. Ne7+ Kf7 48. Nxf5 b3 49. Nd6+ Ke6 50.
Nc4 Kd5 51. Nb2 Nb4 52. Nd3 Nc6 53. Kd2 Kd4 54. e6 Na5 55. Ne5 Nb7 56. Nc6+
Kc5 57. Nd8 Na5 58. e7 Nc4+ 59. Kc1 b2+ 60. Kb1 Nd6 61. Nb7+ 1-0

[Event "1st Autumn"]
[Site "Alushta UKR"]
[Date "2004.09.05"]
[Round "13"]
[White "Alexikov,A"]
[Black "Kalygin,S"]
[Result "1/2-1/2"]
[WhiteElo "2386"]
[BlackElo "2440"]
[EventDate "2004.08.28"]

1. d4 Nf6 2. c4 e6 3. Nf3 b6 4. g3 Bb7 5. Bg2 Be7 6. Nc3 Ne4 7. Nxe4 Bxe4
8. O-O O-O 9. Bd2 d6 10. Ne1 Bxg2 11. Nxg2 Nd7 12. e4 c5 13. d5 exd5 14.
exd5 Bf6 15. Qc2 Re8 16. Rfe1 Bd4 17. Rxe8+ Qxe8 18. Bc3 1/2-1/2

[Event "1st Autumn"]
[Site "Alushta UKR"]
[Date "2004.09.05"]
[Round "13"]
[White "Vokarev,S"]
[Black "Neelotpal,D"]
[Result "0-1"]
[WhiteElo "2529"]
[BlackElo "2448"]
[EventDate "2004.08.28"]

1. e4 c5 2. Nf3 d6 3. d4 cxd4 4. Nxd4 Nf6 5. Nc3 Nc6 6. f3 e5 7. Nb3 Be7 8.
Be3 Be6 9. Nd5 Bxd5 10. exd5 Nb4 11. c4 a5 12. Qd2 b6 13. Be2 O-O 14. O-O
Na6 15. Nc1 Nd7 16. Bd1 Nac5 17. b3 Qb8 18. Rb1 b5 19. cxb5 Qxb5 20. Ne2 f5
21. Nc3 Qb4 22. Be2 Rab8 23. Rfc1 e4 24. f4 Bf6 25. Bc4 Rfc8 26. Ne2 Qxd2
27. Bxd2 Nd3 28. Bxd3 exd3 29. Ng3 g6 30. Bxa5 Rc2 31. Nf1 Rbc8 32. Bd2
Bd4+ 33. Kh1 Nf6 34. Rd1 Ne4 35. Be1 Bf2 36. Bb4 Bb6 37. Be1 Re2 38. Bh4
Rcc2 0-1